[Event "AUTO-OPEN-1545"]
[Site "http://www.queenalice.com/game.php?id=585090"]
[Date "2009.5.8"]
[Round "1"]
[White "elshafei"]
[Black "Gambit13"]
[Result "1-0"]
[WhiteElo "1952"]
[BlackElo "2022"]

1. e4 c6 2. d4 d5 3. e5 Bf5 4. Nc3 e6 5. f4 Bb4 6. Nf3 h6 7. Bd2 Ne7 8. a3 Ba5
9. b4 Bc7 10. Ne2 Nd7 11. Ng3 Bh7 12. c3 Nf5 13. Nh5 O-O 14. Be2 b5 15. g4 Bg6
16. Ng3 Nxg3 17. hxg3 Be4 18. Qc1 f5 19. gxf5 exf5 20. Rh2 Bxf3 21. Bxf3 Nb6 22.
Kf2 Kf7 23. Qc2 g6 24. Rxh6 Rh8 25. Rah1 Rxh6 26. Rxh6 Nc4 27. g4 Nxd2 28. Qxd2
Qf8 29. Rh7+ Ke6 30. gxf5+ Qxf5 31. Qd1 1-0

[Event "AUTO-OPEN-1545"]
[Site "http://www.queenalice.com/game.php?id=585091"]
[Date "2009.5.8"]
[Round "1"]
[White "Gambit13"]
[Black "elshafei"]
[Result "1-0"]
[WhiteElo "2008"]
[BlackElo "1966"]

1. e4 e5 2. Nf3 d6 3. d4 exd4 4. Nxd4 c5 5. Nf3 Nf6 6. Nc3 Nbd7 7. Bc4 Ne5 8.
Nxe5 dxe5 9. Qxd8+ Kxd8 10. Bxf7 Bd7 11. O-O Kc7 12. Be3 Bd6 13. f3 Rhf8 14.
Nd5+ Nxd5 15. Bxd5 Rae8 16. Rfd1 Bc6 17. a4 Bxd5 18. Rxd5 Kc6 19. c4 b6 20. Rad1
Rd8 21. Bg5 Rd7 22. Be7 Rxe7 23. Rxd6+ Kc7 24. Kf2 Rf6 25. R6d5 a5 26. Ke3 Rg6
27. R1d2 h5 28. h3 h4 29. b3 Kc6 30. Kf2 Kc7 31. Rd8 Rh6 32. Rf8 Rf6 33. Rh8 g5
34. Rg8 Rd7 35. Rd5 Rxd5 36. exd5 e4 37. Rxg5 exf3 38. gxf3 Rf4 39. Rg4 Rd4 40.
Rxd4 cxd4 41. Ke2 1-0

[Event "Challenge"]
[Site "http://www.queenalice.com/game.php?id=586756"]
[Date "2009.5.11"]
[Round "-"]
[White "nightw0lf"]
[Black "Gambit13"]
[Result "1/2-1/2"]
[WhiteElo "2131"]
[BlackElo "2016"]

1. Nf3 d5 2. g3 Nf6 3. Bg2 c6 4. O-O Na6 5. a3 Nc7 6. d3 Bf5 7. Bg5 Ne6 8. Bxf6
exf6 9. Nbd2 Bc5 10. e4 dxe4 11. dxe4 Bg6 12. Qe2 O-O 13. Rfd1 Qc7 14. Nb3 Bb6
15. c3 h6 16. Rd2 Rad8 17. Rad1 Nc5 18. Nxc5 Bxc5 19. Rxd8 Rxd8 20. Rxd8+ Qxd8
21. Qd2 Qxd2 22. Nxd2 Kf8 23. Kf1 Ke7 24. Ke2 f5 25. e5 f6 26. b4 Bb6 27. exf6+
Kxf6 28. Nc4 Bc7 29. Na5 Bxa5 30. bxa5 a6 31. Kd3 Ke5 32. f4+ Kd6 33. Kd4 Bf7
34. c4 h5 35. c5+ Ke7 36. Bf1 Kf6 37. h4 Bd5 38. Be2 g6 39. Bc4 Bxc4 40. Kxc4
Ke6 41. Kd4 1/2-1/2

[Event "AUTO-ADV-1098"]
[Site "http://www.queenalice.com/game.php?id=593398"]
[Date "2009.5.25"]
[Round "2"]
[White "Gambit13"]
[Black "odairsmj"]
[Result "1-0"]
[WhiteElo "2068"]
[BlackElo "1863"]

1. c4 c5 2. g3 Nc6 3. Bg2 Ne5 4. b3 g6 5. Bb2 Bg7 6. Qc2 d6 7. d4 cxd4 8. Bxd4
Nh6 9. Nd2 O-O 10. Ngf3 Nxf3+ 11. Nxf3 Bxd4 12. Nxd4 Qb6 13. Rd1 a6 14. O-O e5
15. Nf3 Rb8 16. Rd2 Bf5 17. e4 Bg4 18. Ne1 Qc7 19. Qd3 Rbd8 20. Nc2 Qd7 21. Ne3
Bh3 22. Rfd1 Bxg2 23. Kxg2 Qe6 24. Qd5 Qe7 25. h3 Kg7 26. Qa5 f5 27. exf5 Rf6
28. Nd5 Qf7 29. Nxf6 Qxf6 30. fxg6 Qxg6 31. Qc7+ Nf7 32. Qxb7 Kh6 33. Qf3 Ng5
34. Qe3 Kh5 35. g4+ Kh6 36. Re1 Kg7 37. f4 Nf7 38. fxe5 Nxe5 39. Rxd6 Rxd6 40.
Qxe5+ Qf6 41. Qxf6+ Rxf6 42. b4 Rf4 43. Rc1 Rd4 44. c5 Rxb4 45. c6 Rb8 46. c7
Rc8 47. Kf3 Kf7 48. h4 Ke7 49. g5 Kf7 50. h5 Ke6 51. Kf4 a5 52. a4 Kd6 53. g6
hxg6 54. hxg6 Ke7 55. Kg5 Kf8 56. Kh6 Kg8 57. g7 Kf7 58. Kh7 1-0

[Event "AUTO-ADV-1098"]
[Site "http://www.queenalice.com/game.php?id=593399"]
[Date "2009.5.25"]
[Round "2"]
[White "odairsmj"]
[Black "Gambit13"]
[Result "0-1"]
[WhiteElo "1933"]
[BlackElo "2060"]

1. e4 c6 2. d4 d5 3. e5 Bf5 4. Bd3 Bxd3 5. Qxd3 e6 6. Qb3 Qc7 7. Qg3 Nd7 8. Nf3
Ne7 9. Qf4 Ng6 10. Qg3 c5 11. dxc5 Bxc5 12. Bf4 Nxf4 13. Qxf4 O-O 14. O-O f5 15.
Re1 Qb6 16. Qh4 Qxb2 17. Ng5 h6 18. Nxe6 Qxa1 19. Nxf8 Rxf8 20. e6 Re8 21. h3
Ne5 22. Qg3 Rxe6 23. c3 Nf3+ 24. Qxf3 Rxe1+ 25. Kh2 Rh1+ 26. Kxh1 Qxb1+ 27. Kh2
Qe4 28. Qxe4 fxe4 29. Kg1 b5 30. Kf1 a5 31. Ke2 d4 32. Kd2 e3+ 33. fxe3 dxe3+
34. Ke2 b4 35. cxb4 axb4 36. g4 g5 37. Kf3 Kf7 38. Ke2 Ke6 39. Kd3 Ke5 40. Ke2
Kf4 41. Kf1 Kg3 42. Ke2 Kxh3 43. Kf3 Kh2 44. Ke2 Kg2 0-1

[Event "Challenge"]
[Site "http://www.queenalice.com/game.php?id=627399"]
[Date "2009.7.30"]
[Round "-"]
[White "Chesterton"]
[Black "Gambit13"]
[Result "0-1"]
[WhiteElo "1884"]
[BlackElo "2071"]

1. d4 Nf6 2. Nc3 d5 3. Bf4 e6 4. Qd3 a6 5. a3 c5 6. O-O-O Nc6 7. e3 cxd4 8. exd4
Bd6 9. Bxd6 Qxd6 10. Nh3 O-O 11. f4 Bd7 12. g4 Nxg4 13. Rd2 Ne7 14. Rg2 Nf6 15.
Qg3 Nf5 16. Qd3 Kh8 17. Rhg1 Rg8 18. Ng5 Qxf4+ 19. Kb1 Raf8 20. Rd2 Qe3 21. Qxe3
Nxe3 22. Bh3 g6 23. Rf2 Nf5 24. Nf3 Kg7 25. Bxf5 exf5 26. Ne5 Be6 27. Nd3 Ne4
28. Nxe4 dxe4 29. Nc5 Bc8 30. c4 Kf6 31. Nxe4+ Ke7 0-1

[Event "Challenge"]
[Site "http://www.queenalice.com/game.php?id=632440"]
[Date "2009.8.7"]
[Round "-"]
[White "backwardsjoe40"]
[Black "Gambit13"]
[Result "0-1"]
[WhiteElo "993"]
[BlackElo "2014"]

1. e4 c6 2. Nf3 d5 3. e5 Bf5 4. d4 e6 5. a3 c5 6. c3 Nc6 7. b4 cxd4 8. cxd4 Rc8
9. Bb2 Nge7 10. b5 Na5 0-1

[Event "Challenge #01"]
[Site "http://www.queenalice.com/game.php?id=652837"]
[Date "2009.9.15"]
[Round "-"]
[White "Aylton"]
[Black "Gambit13"]
[Result "1/2-1/2"]
[WhiteElo "1888"]
[BlackElo "2021"]

1. d4 Nf6 2. Nf3 d5 3. e3 e6 4. c4 c5 5. Nc3 Nc6 6. a3 Be7 7. dxc5 Bxc5 8. b4
Bb6 9. cxd5 Nxd5 10. Nxd5 Qxd5 11. Qxd5 exd5 12. Bb2 f6 13. Be2 Be6 14. O-O Ne7
15. Rac1 Rc8 16. Rxc8+ Nxc8 17. Rc1 Nd6 18. Nd4 Bxd4 19. Bxd4 Kd7 20. f3 b6 21.
h3 Rc8 22. Rxc8 Kxc8 23. Kf1 Nf5 24. g4 Nxd4 25. exd4 Kc7 26. Bd3 h6 27. Kf2 Bd7
28. b5 Kd6 29. Kg3 Be8 30. h4 1/2-1/2

[Event "Challenge #02"]
[Site "http://www.queenalice.com/game.php?id=652838"]
[Date "2009.9.15"]
[Round "-"]
[White "Gambit13"]
[Black "Aylton"]
[Result "1-0"]
[WhiteElo "2016"]
[BlackElo "1982"]

1. c4 e5 2. Nc3 Nc6 3. g3 d6 4. Bg2 Bd7 5. b3 f5 6. Bb2 Nf6 7. e3 Qe7 8. Nge2
O-O-O 9. Nd5 Qf7 10. O-O h6 11. Qc2 g5 12. d4 exd4 13. Nxf6 Qxf6 14. Nxd4 Bg7
15. Nxc6 Qxb2 16. Qxb2 Bxb2 17. Nxd8 Bxa1 18. Nf7 Rh7 19. Nxd6+ cxd6 20. Rxa1
Re7 21. Rd1 Kc7 22. Kf1 Bc6 23. Bxc6 bxc6 24. Rd3 a5 25. a4 Re5 26. Ke2 Rc5 27.
Kd2 d5 28. cxd5 cxd5 29. Rc3 Kb6 30. Rd3 Kc6 31. Rd4 Kd6 32. b4 axb4 33. Rxb4
Ra5 34. h3 Kc5 35. Rd4 h5 36. f3 Ra6 37. Kc2 Re6 38. Rd3 Ra6 39. Ra3 Kb4 40.
Rb3+ Kxa4 41. Rb7 Rc6+ 42. Kd3 Rc4 43. Rd7 Kb4 44. Rxd5 Rc3+ 45. Kd4 Rc4+ 46.
Ke5 Rc3 47. Kxf5 Rxe3 48. Kxg5 Rxf3 49. Kh4 1-0

[Event "AUTO-OPEN-1545"]
[Site "http://www.queenalice.com/game.php?id=667330"]
[Date "2009.10.15"]
[Round "2"]
[White "Gambit13"]
[Black "R_Mutt"]
[Result "0-1"]
[WhiteElo "2076"]
[BlackElo "2366"]

1. e4 c5 2. g3 Nc6 3. Bg2 e6 4. Nc3 Nf6 5. d3 d5 6. exd5 exd5 7. Nge2 Be7 8. O-O
d4 9. Ne4 Nxe4 10. Bxe4 h5 11. Bxc6+ bxc6 12. Nf4 h4 13. b3 a5 14. Bd2 Bf5 15.
f3 hxg3 16. hxg3 Qc7 17. Kf2 g5 18. Ng2 Rh3 19. f4 g4 20. Qe2 Be6 21. Rh1 O-O-O
22. Rag1 Rdh8 23. Rxh3 gxh3 24. Ne1 Bd8 25. Rh1 Qd6 26. Qe5 Qxe5 27. fxe5 Kb7
28. a4 f6 29. exf6 Bxf6 30. Nf3 Bd8 31. Bf4 Bd5 32. Rh2 Kc8 0-1

[Event "AUTO-OPEN-1545"]
[Site "http://www.queenalice.com/game.php?id=667331"]
[Date "2009.10.15"]
[Round "2"]
[White "R_Mutt"]
[Black "Gambit13"]
[Result "1-0"]
[WhiteElo "2386"]
[BlackElo "2080"]

1. d4 d5 2. Nf3 Nc6 3. Bf4 Nf6 4. h3 e6 5. Nc3 Bd6 6. Qd2 a6 7. e3 Bxf4 8. exf4
O-O 9. Ne5 Bd7 10. g4 Ne8 11. g5 g6 12. h4 Nxe5 13. fxe5 Ng7 14. Nd1 Nf5 15. Ne3
Kg7 16. Ng4 c6 17. Nf6 Qc7 18. h5 Rh8 19. Bd3 Ne7 20. hxg6 hxg6 21. O-O-O Raf8
22. Rh6 Bc8 23. Rdh1 Rxh6 24. gxh6+ Kh8 25. h7 Nf5 26. Ng8 Qd8 27. Bxf5 exf5 28.
Qh6 Re8 29. Qg7+ Kxg7 30. h8=Q+ Kf8 31. Nh6+ Ke7 32. Qf6+ Kd7 33. Qd6# 1-0

[Event "AUTO-OPEN-1723"]
[Site "http://www.queenalice.com/game.php?id=667500"]
[Date "2009.10.15"]
[Round "1"]
[White "seizen"]
[Black "Gambit13"]
[Result "0-1"]
[WhiteElo "1500"]
[BlackElo "2033"]

1. d4 d5 2. Nf3 e6 3. Ne5 c5 4. g3 Nf6 5. Bg2 cxd4 6. Qxd4 Bd6 7. O-O Qc7 8. Bf4
O-O 9. Nc3 Bd7 10. Nxd7 Qxd7 11. b3 Nc6 12. Qa4 Bxf4 13. Qxf4 Rac8 14. Rad1 a6
15. e4 e5 16. Qd2 d4 17. Nd5 Qe6 18. Qg5 Nd7 19. c4 dxc3 20. Nxc3 Nd4 21. f4
Rxc3 22. fxe5 Qb6 23. Rf2 Ne6 24. Qe7 Nxe5 25. Bh3 Rc2 26. Rf1 Nf3+ 27. Kg2
Rxf2+ 28. Rxf2 Nfg5 29. Bf5 Qc7 30. Qb4 Nc5 31. h4 Nge6 32. Qc4 Qe5 33. Bxe6
Nxe6 34. Rf5 Qc7 35. Qd5 Rd8 36. Rxf7 Qxf7 37. Qc4 Qd7 38. Qc2 Qd2+ 39. Qxd2
Rxd2+ 40. Kf3 Rxa2 41. e5 Ra3 42. Ke4 Rxb3 43. Kd5 Rxg3 44. Kxe6 a5 45. Kd6 a4
46. e6 a3 47. e7 Re3 48. Kd7 a2 0-1

[Event "AUTO-OPEN-1723"]
[Site "http://www.queenalice.com/game.php?id=667501"]
[Date "2009.10.15"]
[Round "1"]
[White "Gambit13"]
[Black "seizen"]
[Result "1-0"]
[WhiteElo "2031"]
[BlackElo "1500"]

1. e4 e5 2. Nf3 Nc6 3. Bb5 a6 4. Ba4 Nf6 5. O-O Nxe4 6. Re1 d5 7. Bxc6+ bxc6 8.
Nxe5 Qf6 9. Nf3 Bg4 10. d3 Bxf3 11. Qxf3 Qxf3 12. gxf3 Be7 13. fxe4 O-O 14. exd5
cxd5 15. Rxe7 c5 16. Na3 g6 17. Bh6 Rfe8 18. Rae1 Rxe7 19. Rxe7 f6 20. Bg7 Rb8
21. b3 Rb4 22. Bxf6 Rf4 23. Bc3 1-0

[Event "AUTO-OPEN-1723"]
[Site "http://www.queenalice.com/game.php?id=667520"]
[Date "2009.10.15"]
[Round "1"]
[White "skatista99"]
[Black "Gambit13"]
[Result "0-1"]
[WhiteElo "1479"]
[BlackElo "2035"]

1. e4 e6 2. d4 d5 3. e5 c5 4. Bb5+ Bd7 5. Bxd7+ Nxd7 6. c3 Rc8 7. Nf3 Ne7 8. Bg5
h6 9. Bh4 Qb6 10. Nbd2 Qxb2 11. Rb1 Qxc3 12. Rxb7 Nf5 13. O-O cxd4 14. Qa4 Qc6
15. Rxa7 Qxa4 16. Rxa4 Nxh4 17. Nxd4 Nxe5 18. Nb5 Be7 19. Re1 Nd7 20. Ra7 Bc5
21. Rb7 Rb8 22. Rxb8+ Nxb8 23. Rc1 Nd7 24. Nb3 Bb6 25. Rc8+ Bd8 26. Nd6+ Ke7 27.
Nb7 Ng6 28. N3a5 Bxa5 0-1

[Event "AUTO-OPEN-1723"]
[Site "http://www.queenalice.com/game.php?id=667521"]
[Date "2009.10.15"]
[Round "1"]
[White "Gambit13"]
[Black "skatista99"]
[Result "1-0"]
[WhiteElo "2058"]
[BlackElo "1491"]

1. e4 e5 2. Nf3 Nc6 3. Bb5 Nf6 4. O-O Bc5 5. c3 a6 6. Ba4 b5 7. Bc2 d6 8. d4
exd4 9. cxd4 Bb6 10. h3 O-O 11. Re1 d5 12. e5 Ne4 13. Nc3 Bf5 14. Nxe4 dxe4 15.
Bxe4 Bxe4 16. Rxe4 Qd5 17. Re2 Nxd4 18. Nxd4 Bxd4 19. Be3 c5 20. Bxd4 cxd4 21.
Rd2 Rad8 22. f4 d3 23. Qf3 Qxf3 24. gxf3 Rd4 25. Kf2 Rfd8 26. Ke3 f6 27. Rad1
fxe5 28. fxe5 Kf7 29. Rxd3 Rxd3+ 30. Rxd3 Rxd3+ 31. Kxd3 Ke6 32. Ke4 h5 33. h4
g6 34. f4 b4 35. a4 a5 36. b3 Kd7 37. f5 gxf5+ 38. Kxf5 Ke7 39. e6 Kf8 40. Kf6
Ke8 41. e7 1-0

[Event "AUTO-OPEN-1723"]
[Site "http://www.queenalice.com/game.php?id=667532"]
[Date "2009.10.15"]
[Round "1"]
[White "Gambit13"]
[Black "jmgk"]
[Result "0-1"]
[WhiteElo "2076"]
[BlackElo "2279"]

1. d4 Nf6 2. c4 c5 3. Nf3 cxd4 4. Nxd4 e6 5. e3 Nc6 6. a3 Bd6 7. Qc2 e5 8. Nb5
Be7 9. Bd3 a6 10. N5c3 d5 11. Nxd5 Nxd5 12. cxd5 Qxd5 13. O-O Be6 14. Nc3 Qb3
15. Rd1 Rd8 16. Rd2 Na5 17. Be2 Qxc2 18. Rxc2 Nb3 19. Rb1 Bf5 20. e4 Bg6 21. Bc4
O-O 22. Be3 Nd4 23. Rd2 Bc5 24. Bd5 b5 25. Re1 Rfe8 26. f3 h6 27. Kf1 Kh7 28.
Ne2 Nb3 29. Rd3 Bxe3 30. Rxe3 Nd2+ 31. Kf2 Nc4 32. Bxc4 bxc4 33. Nc3 Rd4 34.
R3e2 Red8 35. Rc1 f5 36. exf5 Bxf5 37. Rxe5 Rd2+ 38. Re2 Rxe2+ 39. Kxe2 Rb8 40.
Na4 Bd7 41. Nc5 Rxb2+ 42. Kd1 Bf5 43. g4 Bd3 44. Nxd3 cxd3 45. Rc3 Rxh2 46. Rxd3
Ra2 47. Ke1 a5 48. Rd2 Rxa3 49. Ke2 Rb3 50. Rd6 a4 51. Ra6 a3 52. Kf2 g5 53. Ke2
Kg7 54. Kf2 Rb2+ 55. Ke3 a2 56. Ke4 Kf7 57. Ke3 Ke7 58. Ke4 Kd7 59. Kf5 Re2 60.
Ra3 Kd6 61. Kg6 Rh2 62. Kf5 Kc5 63. Ke4 Kb4 64. Ra6 Rc2 65. Kf5 Rc5+ 66. Ke4 Ra5
0-1

[Event "AUTO-OPEN-1723"]
[Site "http://www.queenalice.com/game.php?id=667533"]
[Date "2009.10.15"]
[Round "1"]
[White "jmgk"]
[Black "Gambit13"]
[Result "0-1"]
[WhiteElo "2151"]
[BlackElo "2037"]

1. e4 c6 2. d4 d5 3. exd5 cxd5 4. c4 dxc4 5. Bxc4 e6 6. Nf3 Nf6 7. Bg5 Be7 8.
O-O O-O 9. Nc3 Nbd7 10. Re1 Nb6 11. Bb3 Nfd5 12. Bxe7 Nxe7 13. Ne4 Ned5 14. Rc1
Nf6 15. Nxf6+ Qxf6 16. Rc7 Qd8 17. Qc2 Nd5 18. Bxd5 Qxd5 19. Rc1 Bd7 20. h3 Bc6
21. Ne5 Qxg2# 0-1

[Event "AUTO-OPEN-1723"]
[Site "http://www.queenalice.com/game.php?id=748344"]
[Date "2010.3.19"]
[Round "2"]
[White "erivaldoadao"]
[Black "Gambit13"]
[Result "1-0"]
[WhiteElo "2035"]
[BlackElo "2072"]

1. e4 e6 2. d4 d5 3. e5 c5 4. c3 Nc6 5. Nf3 cxd4 6. cxd4 Bb4+ 7. Bd2 Bxd2+ 8.
Qxd2 Nge7 9. Nc3 a6 10. Be2 Bd7 11. O-O Rc8 12. b4 O-O 13. b5 Nb8 14. a4 a5 15.
Bd3 b6 16. Rac1 Rc7 17. Rc2 Qc8 18. Ne2 Qb7 19. h3 Rxc2 20. Qxc2 h6 21. Nh2 Rc8
22. Qb1 Qc7 23. Rc1 Qd8 24. Nf4 1-0

[Event "AUTO-OPEN-1723"]
[Site "http://www.queenalice.com/game.php?id=748345"]
[Date "2010.3.19"]
[Round "2"]
[White "Gambit13"]
[Black "erivaldoadao"]
[Result "0-1"]
[WhiteElo "2055"]
[BlackElo "2052"]

1. e4 e5 2. Nf3 Nf6 3. Nxe5 Qe7 4. Nf3 Nxe4 5. Qe2 d5 6. d3 Nd6 7. Bf4 Bg4 8.
Nbd2 Nc6 9. Bxd6 cxd6 10. a3 d4 11. h3 Bxf3 12. Nxf3 d5 13. Kd2 Qxe2+ 14. Bxe2
Bd6 15. g3 O-O 16. Rae1 Rfe8 17. Bf1 h6 18. Bg2 Re7 19. Rxe7 Bxe7 20. Re1 Kf8
21. Ng1 Rd8 22. Ne2 Bg5+ 23. Kd1 Bf6 24. h4 g5 25. hxg5 hxg5 26. g4 Ne7 27. Ng3
b5 28. Nh5 Bh8 29. f4 gxf4 0-1

[Event "AUTO-OPEN-1723"]
[Site "http://www.queenalice.com/game.php?id=748350"]
[Date "2010.3.19"]
[Round "2"]
[White "castel1341"]
[Black "Gambit13"]
[Result "1-0"]
[WhiteElo "2002"]
[BlackElo "2021"]

1. e4 e5 2. d4 exd4 3. Nf3 Nc6 4. Nxd4 Be7 5. Be2 Nf6 6. Nc3 O-O 7. O-O a6 8.
Be3 Nxd4 9. Bxd4 d6 10. Qd2 Ne8 11. f4 Bf6 12. Rad1 Bxd4+ 13. Qxd4 Bd7 14. e5
1-0

[Event "AUTO-OPEN-1723"]
[Site "http://www.queenalice.com/game.php?id=748351"]
[Date "2010.3.19"]
[Round "2"]
[White "Gambit13"]
[Black "castel1341"]
[Result "0-1"]
[WhiteElo "2039"]
[BlackElo "1996"]

1. e4 e6 2. d4 Nf6 3. Bd3 d5 4. e5 Nfd7 5. Be3 c5 6. c3 Nc6 7. Ne2 Qb6 8. Qc1
Be7 9. dxc5 Bxc5 10. Bxc5 Nxc5 11. Bc2 Nxe5 12. O-O O-O 13. b3 Bd7 14. Rd1 Bb5
0-1